000 00913nam a2200289Ia 4500
001 Z_2107
003 CHAP
008 220113s1995 xx 000 0 und d
010 _a165180
040 _cCHAP
090 _aTesis M 1058
100 _aMonzón Armenta, José Melquiades
_978028
245 _aEfectos ambientales y genéticos en la sobrevivencia del nacimiento al destete en ganado para carne /
_cpor José Melquiades Monzón Armenta
260 _aChapingo, Méx. :
_bEl autor,
_c1995
300 _a124 h.
502 _aTesis (Ing. Agr. Esp. en Zootecnia) -- UACH. Departamento de Zootecnia
650 _aBecerros
_xDestete
_911178
650 _aGanado de carne
_945067
650 _aGanado vacuno
_xEfecto del medio ambiente
_945459
650 _aGanado vacuno
_xGenética
_945470
901 _aTESIS M 1058
902 _aM
910 _a1995
942 _c2
942 _c2
999 _c165180
_d165180